<?xml version="1.0" encoding="UTF-8"?>
<marc:record xmlns:marc="http://www.loc.gov/MARC21/slim">
   <marc:leader>00000nam a2200000 a 4500</marc:leader>
   <marc:datafield ind1="1" ind2=" " tag="100">
      <marc:subfield code="a">Feth, Monika</marc:subfield>
      <marc:subfield code="4">aut</marc:subfield>
      <marc:subfield code="e">Verfasser/-in</marc:subfield>
   </marc:datafield>
   <marc:datafield ind1=" " ind2=" " tag="653">
      <marc:subfield code="a">Kinderbuch</marc:subfield>
   </marc:datafield>
   <marc:datafield ind1=" " ind2=" " tag="653">
      <marc:subfield code="a">Schwester</marc:subfield>
   </marc:datafield>
   <marc:datafield ind1="0" ind2="0" tag="245">
      <marc:subfield code="a">Der Windpockentag und andere Geschichten von meiner Schwester    Kathi</marc:subfield>
   </marc:datafield>
   <marc:datafield ind1=" " ind2="1" tag="264">
      <marc:subfield code="b">Patmos</marc:subfield>
      <marc:subfield code="c">1994</marc:subfield>
   </marc:datafield>
   <marc:datafield ind1="1" ind2=" " tag="520">
      <marc:subfield code="a">Kathi, das ist die selbstbewusste, pfiffige kleine Schwester, die mit ihren grossen und kleinen Eskapaden die verständnisvollen Eltern und die ältere Schwester in Atem hält. Die 17 kurzen, in sich abgeschlossenen Episoden, durchwegs pointiert erzählt, beschreiben Erlebnisse und Ereignisse aus dem Alltag der lebhaften 5jährigen, sei es nun der Besuch beim Zahnarzt oder das Übernachten bei Oma und Opa (das erste Mal und ganz allein). Mal witzig, mal nachdenklich ist der Band ein echtes Lesevergnügen, zum Vorlesen für Vorschulkinder oder zum Selberlesen für GrundschülerInnen, die mit den knappen, durch Zeichnungen aufgelockerten Kapiteln in grossem Druck bestimmt keine Schwierigkeiten haben werden. - Vorrangig empfohlen.</marc:subfield>
   </marc:datafield>
   <marc:datafield ind1=" " ind2=" " tag="020">
      <marc:subfield code="a">9783491380370</marc:subfield>
      <marc:subfield code="9">9783491380370</marc:subfield>
   </marc:datafield>
</marc:record>
